La interacción del color
Na minha lista:
| Autor principal: | |
|---|---|
| Formato: | Livro |
| Idioma: | espanhol |
| Publicado em: |
Madrid
Alianza
1980
|
| Edição: | 2a. ed |
| Colecção: | Alianza forma
|
| Assuntos: | |
| Acesso em linha: | Disponible Online |
| Tags: |
Adicionar Tag
Sem tags, seja o primeiro a adicionar uma tag!
|
MARC
| LEADER | 00000nam a2200000 a 4500 | ||
|---|---|---|---|
| 001 | UCW0023 | ||
| 003 | CL-VaPUC | ||
| 005 | 20250109103436.0 | ||
| 008 | 930906e19800000SP |||||||||||||||||spa|d | ||
| 999 | |c 215277 |d 215275 | ||
| 020 | |a 9788420670010 | ||
| 040 | |c Pontificia Universidad Católica de Valparaíso | ||
| 082 | 0 | 4 | |a 701.8 |b ALB |2 21 |
| 100 | |a Albers, Josef |e autor |9 304008 | ||
| 245 | 1 | 3 | |a La interacción del color |
| 250 | |a 2a. ed | ||
| 260 | |a Madrid |b Alianza |c 1980 | ||
| 300 | |a 115 p | ||
| 490 | 0 | |a Alianza forma | |
| 583 | |a last modification |c 20130306 02:37:48 |k Rodrigo Vera | ||
| 650 | 0 | |a Yuxtaposición de colores |9 882549 | |
| 650 | 0 | |a Color |9 862437 | |
| 650 | 0 | |a Teorías del color |9 882552 | |
| 650 | 0 | |a Enseñanza del color |9 882553 | |
| 856 | |u http://bibliografiadigital.pucv.cl.pucv.idm.oclc.org/index.php/bibliotecapucv/catalog/book/626 |y Disponible Online | ||
| 942 | |c BK |2 ddc | ||
| 945 | |d 19930906 00:00:00 | ||
| 952 | |0 0 |1 0 |4 0 |6 701_800000000000000_ALB_1980 |7 0 |8 A |9 199359 |a BIBARQ |b BIBARQ |d 2019-11-14 |i 2666634 |l 6 |m 1 |o 701.8 ALB 1980 |p 2666634 |r 2025-01-20 |s 2023-11-20 |w 2019-11-14 |y BK |k ARQ | ||
| 952 | |0 0 |1 0 |2 ddc |4 0 |6 701_800000000000000_ALB_1980 |7 0 |8 R |9 199360 |a BIBART |b BIBART |d 2019-11-14 |i 1204653 |l 19 |m 7 |o 701.8 ALB 1980 |p 1204653 |r 2025-03-13 |s 2024-04-25 |w 2019-11-14 |y BK_R |k ART | ||
| 952 | |0 0 |1 0 |2 ddc |4 0 |6 701_800000000000000_ALB_1980 |7 0 |8 R |9 199361 |a BIBART |b BIBART |d 2019-11-14 |i 4369688 |l 40 |m 10 |o 701.8 ALB 1980 |p 4369688 |r 2025-04-10 |s 2025-04-08 |w 2019-11-14 |y BK_R |k ART | ||